{"text_format":"3","workbook":"xlsx","n_sheets":5,"sheets":["7 класс","8 класс","9 класс","10 класс","11 класс"],"not_rendered":{"defined_names":6},"read":"whole","date_system":"1900"}

{"sheet":"7 класс","index":0,"n_rows":48,"n_cols":15,"rows_kept":48,"merged":[[0,0,0,14]]}
["Протокол по итогам муниципального этапа ВсОШ по предмету \"ИСТОРИЯ\" Нижнекамского муниципального района в 2021-2022 учебном году"]
["№","Фамилия","Имя","Отчество","Пол","Участник с ОВЗ (да/нет)","Класс обучения","Класс участия","Балл","Добавлено баллов по итогам апелляций","Итоговый балл","Максимальный балл","Статус","Призёр республиканского этапа прошлого года","ФИО учителя"]
[1,"Салахов","Азат","Илшатович","М","нет",7,7,80,null,80,96,"Победитель","нет","Шакирова Эндже Каримовна"]
[2,"Реимов","Вадим","Андреевич","М","нет",7,7,68,1,69,96,"Призер","нет","Лукавченко Ксения Михайловна"]
[3,"Никитина","Полина","Рафаэлевна","Ж","нет",7,7,41,1,42,96,"Участник","нет","Донскова Оксана Генадьевна"]
[4,"Шайхутдинова","Альфия","Равилевна","Ж","нет",7,7,38,1,39,96,"Участник","нет","Тагирова Алия Тагировна"]
[5,"Павлова","Дарина","Петровна","Ж","нет",7,7,37,2,39,96,"Участник","нет","Мингазова Елена Викторовна"]
[6,"Ганиев","Камиль","Азатович","М","нет",7,7,34,null,34,96,"Участник","нет","Шакирова Эндже Каримовна"]
[7,"Ахметзянова","Алина","Рустемовна","Ж","нет",7,7,31,null,31,96,"Участник","нет","Салихова Екатерина Александровна"]
[8,"Скучаев","Иван","Алексеевич","М","нет",7,7,30,null,30,96,"Участник","нет","Павлова Юлия Владимировна"]
[9,"Кулемина","Анастасия","Алексеевна","Ж","нет",7,7,29,null,29,96,"Участник","нет","Гиждеван Е.А."]
[10,"Тимченко","Иван","Андреевич","М","нет",7,7,29,null,29,96,"Участник","нет","Ильясов Айнур Ильясович"]
[11,"Тураев","Кирилл","Александрович","М","нет",7,7,28,null,28,96,"Участник","нет","Ильясов Айнур Ильясович"]
[12,"Алексеева","Арина","Алексеевна","Ж","нет",7,7,25,null,25,96,"Участник","нет","Салихова Екатерина Александровна"]
[13,"Капралов","Дамир","Станиславович","М","нет",7,7,24,null,24,96,"Участник","нет","Мискинова Айгуль Шавкатовна"]
[14,"Садыков","Булат","Фанисович","М","нет",7,7,24,null,24,96,"Участник","нет","Лукавченко Ксения Михайловна"]
[15,"Гусев","Богдан","Алексеевич","М","нет",7,7,23,null,23,96,"Участник","нет","Никитина Людмила Александровна"]
[16,"Ижутова","Аделя","Сергеевна","Ж","нет",7,7,22,null,22,96,"Участник","нет","Шарифуллина Алсу Ильнуровна"]
[17,"Тимошенко","Богдан","Дмитриевич","М","нет",7,7,21,null,21,96,"Участник","нет","Хуззятова Лариса Валерьевна"]
[18,"Шайхутдинова","Малика","Алмазовна","Ж","нет",7,7,21,null,21,96,"Участник","нет","Мингазова Елена Викторовна"]
[19,"Тенишев","Вячеслав","Эдуардович","М","нет",7,7,21,null,21,96,"Участник","нет","Макушева О.А."]
[20,"Курочкин","Никита","Антонович","М","нет",7,7,20,null,20,96,"Участник","нет","Макушева О.А."]
[21,"Лагинский","Илья","Андреевич","М","нет",7,7,20,null,20,96,"Участник","нет","Мингазова Елена Викторовна"]
[22,"Наумова","Авелина","Игоревна","Ж","нет",7,7,20,null,20,96,"Участник","нет","Шарифуллина Алсу Ильнуровна"]
[23,"Павлов","Ярослав","Павлович","М","нет",7,7,20,null,20,96,"Участник","нет","Савельева Ольга Ивановна"]
[24,"Веденин","Артем","Ильич","М","нет",7,7,18,null,18,96,"Участник","нет","Зарипова Резеда Рафисовна"]
[25,"Целовальников","Савелий","Павлович","М","нет",7,7,18,null,18,96,"Участник","нет","Архипова Лариса Владимировна"]
[26,"Хайруллина","Нурия","Ильнуровна","Ж","нет",7,7,17,null,17,96,"Участник","нет","Хазипова Наталья Никоноровна"]
[27,"Давыдов","Дмитрий","Алексеевич","М","нет",7,7,16,null,16,96,"Участник","нет","Михайлова Надежда Николаевна"]
[28,"Ахметов","Айвар","Рустемович","М","нет",7,7,15,null,15,96,"Участник","нет","Петрова Е. Е."]
[29,"Башарова","Алия","Ильшатовна","Ж","нет",7,7,15,null,15,96,"Участник","нет","Валиева Елена Анатольевна"]
[30,"Мухина","Виктория","Александровна","Ж","нет",7,7,15,null,15,96,"Участник","нет","Гиждеван Е.А."]
[31,"Тараторин","Данил","Валентинович","М","нет",7,7,14,null,14,96,"Участник","нет","Мискинова Айгуль Шавкатовна"]
[32,"Федотова","Милания","Николаевна","Ж","нет",7,7,14,null,14,96,"Участник","нет","Белькова Ирина Алексеевна"]
[33,"Галимзянова","Камилла","Марселевна","Ж","нет",7,7,13,null,13,96,"Участник","нет","Шарифуллина Алсу Ильнуровна"]
[34,"Гущерева","Карина","Игоревна","Ж","нет",7,7,12,null,12,96,"Участник","нет","Фунтикова Энза Николаевна"]
[35,"Хуснутдинов","Ильяс","Наильевич","М","нет",7,7,12,null,12,96,"Участник","нет","Павлова Юлия Владимировна"]
[36,"Аблакатов","Сергей","Алексеевич","М","нет",7,7,11,null,11,96,"Участник","нет","Лукавченко Ксения Михайловна"]
[37,"Рагимова","Сабина","Эльшатовна","Ж","нет",7,7,11,null,11,96,"Участник","нет","Бутов Константин Павлович"]
[38,"Сафина","Аделина","Рузельевна","Ж","нет",7,7,11,null,11,96,"Участник","нет","Донскова Оксана Генадьевна"]
[39,"Хабибуллин","Халид","Гумарович","М","нет",7,7,11,null,11,96,"Участник","нет","Султанов Радик Ибрагимович"]
[40,"Романова ","Марьям","Сергеевна","Ж","нет",7,7,10,null,10,96,"Участник","нет","Галикеев Нияз Наилевич"]
[41,"Хабибуллин ","Алан","Атласович","М","нет",7,7,10,null,10,96,"Участник","нет","Макушева О.А."]
[42,"Алиев","Раиль","Ровшанович","М","нет",7,7,9,null,9,96,"Участник","нет","Зарипова Диляра Равилевна"]
[43,"Крутиков","Матвей","Александрович","М","нет",7,7,8,null,8,96,"Участник","нет","Фунтикова Энза Николаевна"]
[44,"Леонов","Ярослав","Александрович","М","нет",7,7,7,null,7,96,"Участник","нет","Жумагалеева Вероника Жундыгалеевна"]
[45,"Хайруллин","Эрик","Русланович","М","нет",7,7,7,null,7,96,"Участник","нет","Лаврентьева Ольга Владимировна"]
[46,"Афанасьев","Данил","Леонидович","М","нет",7,7,5,null,5,96,"Участник","нет","Афиногентова Ангелина Александровна"]

{"sheet":"8 класс","index":1,"n_rows":38,"n_cols":15,"rows_kept":38,"merged":[[0,0,0,14]]}
["Протокол по итогам муниципального этапа ВсОШ по предмету \"ИСТОРИЯ\" Нижнекамского муниципального района в 2021-2022 учебном году"]
["№","Фамилия","Имя","Отчество","Пол","Участник с ОВЗ (да/нет)","Класс обучения","Класс участия","Балл","Добавлено баллов по итогам апелляций","Итоговый балл","Максимальный балл","Статус","Призёр республиканского этапа прошлого года","ФИО учителя"]
[1,"Салихов","Альберт","Владиславович","М","нет",8,8,51,null,51,100,"Призер","нет","Кириллова Юлия Анатольевна"]
[2,"Гребенева","Алина","Сергеевна","Ж","нет",8,8,44,5,49,100,"Участник","нет","Булычева Светлана Владимировна"]
[3,"Гараева","Дина","Рафаэлевна","Ж","нет",8,8,36,3,39,100,"Участник","нет","Хакимова Регина Радиковна"]
[4,"Натуралов","Станислав","Викторович","М","нет",8,8,30,null,30,100,"Участник","нет","Кириллова Юлия Анатольевна"]
[5,"Божкова","Виктория","Денисовна","Ж","нет",8,8,28,null,28,100,"Участник","нет","Камалиева Надежда Ивановна"]
[6,"Кизнер","Роман","Евгеньевич","М","нет",8,8,28,null,28,100,"Участник","нет","Григорьева Светлана Ренижановна"]
[7,"Ризванов","Тимур","Робертович","М","нет",8,8,25,null,25,100,"Участник","нет","Фунтикова Энза Николаевна"]
[8,"Смирнов","Артем","Сергеевич","М","нет",8,8,25,null,25,100,"Участник","нет","Голованов Владимир Владимирович"]
[9,"Николаева","Софья","Сергеевна","Ж","нет",8,8,24,null,24,100,"Участник","нет","Гиждеван Е.А."]
[10,"Казакова","Анастасия","Евгеньевна","Ж","нет",8,8,23,null,23,100,"Участник","нет","Булычева Светлана Владимировна"]
[11,"Гафиятова","Диляра","Ильдусовна","Ж","нет",8,8,21,null,21,100,"Участник","нет","Валиева Елена Анатольевна"]
[12,"Садыкова","Рамиля","Рафисовна","Ж","нет",8,8,21,null,21,100,"Участник","нет","Султанов Радик Ибрагимович"]
[13,"Ароян","Климентий","Гарикович","М","нет",8,8,20,null,20,100,"Участник","нет","Галиева Галина Федоровна"]
[14,"Кожевникова","Екатерина","Михайловна","Ж","нет",8,8,18,null,18,100,"Участник","нет","Мингазова Елена Викторовна"]
[15,"Зайнуллин","Алмаз","Маратович","М","нет",8,8,16,null,16,100,"Участник","нет","Мельников А.А."]
[16,"Набиева","Эльза","Ниязовна","Ж","нет",8,8,15,null,15,100,"Участник","нет","Афиногентова Ангелина Александровна"]
[17,"Александрова","Алиса","Анатольевна","Ж","нет",8,8,14,null,14,100,"Участник","нет","Гиждеван Е.А."]
[18,"Дробина","Арина","Андреевна","Ж","нет",8,8,14,null,14,100,"Участник","нет","Жаворонк Айгуль Рафилевна"]
[19,"Суюндыкова","Камила","Салаватовна","Ж","нет",8,8,14,null,14,100,"Участник","нет","Тагирова Алия Тагировна"]
[20,"Арсланов","Айдар","Рустамович","М","нет",8,8,13,null,13,100,"Участник","нет","Зарипова Диляра Равилевна"]
[21,"Гарифуллин","Инсаф","Джамилович","М","нет",8,8,13,null,13,100,"Участник","нет","Ахметова Римма Габдулловна"]
[22,"Закиров","Марат","Ренатович","М","нет",8,8,13,null,13,100,"Участник","нет","Фунтикова Энза Николаевна"]
[23,"Карелин","Влад","Алексеевич","М","нет",8,8,13,null,13,100,"Участник","нет","Сидорова Ольга Николаевна"]
[24,"Вильданова","Камиля","Рамилевна","Ж","нет",8,8,12,null,12,100,"Участник","нет","Муратова Лариса Миншаеховна"]
[25,"Акарсу","Александра","Антоновна","Ж","нет",8,8,11,null,11,100,"Участник","нет","Тагирова Алия Тагировна"]
[26,"Иванова","Анастасия","Олеговна","Ж","нет",8,8,11,null,11,100,"Участник","нет","Услугина Светлана Петровна"]
[27,"Тюрин","Ярослав","Вадимович","М","нет",8,8,11,null,11,100,"Участник","нет","Салихова Екатерина Александровна"]
[28,"Галяутдинова","Аделина","Радиковна","Ж","нет",8,8,10,null,10,100,"Участник","нет","Хуззятова Лариса Валерьевна"]
[29,"Зиннатуллина","Диляра","Ильнуровна","Ж","нет",8,8,10,null,10,100,"Участник","нет","Тагирова Алия Тагировна"]
[30,"Бельков","Анатолий","Витальевич","М","нет",8,8,9,null,9,100,"Участник","нет","Ахмерова Динара Рафиковна"]
[31,"Губеев","Максим","Валентинович","М","нет",8,8,9,null,9,100,"Участник","нет","Гиждеван Е.А."]
[32,"Дождикова","Вероника","Николаевна","Ж","нет",8,8,9,null,9,100,"Участник","нет","Шарифуллина Алсу Ильнуровна"]
[33,"Роменская","Екатерина","Олеговна","Ж","нет",8,8,9,null,9,100,"Участник","нет","Степанов Бронислав Анатольевич"]
[34,"Амирханов","Артур","Маратович","М","нет",8,8,7,null,7,100,"Участник","нет","Амирханова Надежда Валентиновна"]
[35,"Гайфутдинова","Камилия","Назимовна","Ж","нет",8,8,7,null,7,100,"Участник","нет","Адиатова Ольга Николаевна"]
[36,"Минок","Виктория","Витальевна","Ж","нет",8,8,7,null,7,100,"Участник","нет","Страхова Светлана Александровна"]

{"sheet":"9 класс","index":2,"n_rows":32,"n_cols":15,"rows_kept":32,"merged":[[0,0,0,14]]}
["Протокол по итогам муниципального этапа ВсОШ по предмету \"ИСТОРИЯ\" Нижнекамского муниципального района в 2021-2022 учебном году"]
["№","Фамилия","Имя","Отчество","Пол","Участник с ОВЗ (да/нет)","Класс обучения","Класс участия","Балл","Добавлено баллов по итогам апелляций","Итоговый балл","Максимальный балл","Статус","Призёр республиканского этапа прошлого года","ФИО учителя"]
[1,"Лебедева","Вероника","Андреевна","Ж","нет",9,9,56,null,56,100,"Призер","нет","Колчин Максим Александрович"]
[2,"Минегулова","Самира","Рафаиловна","Ж","нет",9,9,41,2,43,100,"Участник","нет","Гиждеван Е.А."]
[3,"Малышев","Всеволод","Валерьевич","М","нет",9,9,39,null,39,100,"Участник","нет","Гиждеван Е.А."]
[4,"Зиатдинов","Тимур","Искандерович","М","нет",9,9,38,null,38,100,"Участник","нет","Муратова Лариса Миншаеховна"]
[5,"Королёв","Егор","Евгеньевич","М","нет",9,9,26,null,26,100,"Участник","нет","Булычева Светлана Владимировна"]
[6,"Абунагимов","Марат","Рамилевич","М","нет",9,9,22,null,22,100,"Участник","нет","Белькова Ирина Алексеевна"]
[7,"Егорова","Елизавета","Геннадьевна","Ж","нет",9,9,22,null,22,100,"Участник","нет","Имамиева Фания Ильсуровна"]
[8,"Минникаева ","Анна","Аликовна","Ж","нет",9,9,22,null,22,100,"Участник","нет","Скрипко Елена Владимировна"]
[9,"Тухтамышев","Амир","Альбертович","М","нет",9,9,22,null,22,100,"Участник","нет","Халиуллина Альзира Александровна"]
[10,"Бармина","Анастасия","Александровна","Ж","нет",9,9,20,null,20,100,"Участник","нет","Жумагалеева Вероника Жундыгалеевна"]
[11,"Каримов","Руслан","Анварович","М","нет",9,9,19,null,19,100,"Участник","нет","Митрофанова Ю.А."]
[12,"Бодров","Денис","Шамилевич","М","нет",9,9,18,null,18,100,"Участник","нет","Фунтикова Энза Николаевна"]
[13,"Вдовина","Кристина","Вячеславовна","Ж","нет",9,9,17,null,17,100,"Участник","нет","Ибрагимова Эльмира Шафиковна"]
[14,"Гарифуллин","Камиль","Искандерович","М","нет",9,9,17,null,17,100,"Участник","нет","Муратова Лариса Миншаеховна"]
[15,"Козлов","Ярослав","Николаевич","М","нет",9,9,14,null,14,100,"Участник","нет","Савельева Ольга Ивановна"]
[16,"Яшин","Александр","Владимирович","М","нет",9,9,14,null,14,100,"Участник","нет","Хуззятова Лариса Валерьевна"]
[17,"Андрианов","Данил","Евгеньевич","М","нет",9,9,13,null,13,100,"Участник","нет","Услугина Светлана Петровна"]
[18,"Сливинский","Юрий","Викторовч","М","нет",9,9,13,null,13,100,"Участник","нет","Афиногентова Ангелина Александровна"]
[19,"Михайлова","Екатерина","Константиновна","Ж","нет",9,9,12,null,12,100,"Участник","нет","Амирханова Надежда Валентиновна"]
[20,"Хамитова","Динара","Нодирбековна","Ж","нет",9,9,12,null,12,100,"Участник","нет","Мигранова Ольга Романовна"]
[21,"Синицын","Данил","Борисович","М","нет",9,9,11,null,11,100,"Участник","нет","Зарипова Диляра Равилевна"]
[22,"Волошин","Артур","Олегович","М","нет",9,9,10,null,10,100,"Участник","нет","Гиждеван Е.А."]
[23,"Васильев","Денис","Сергеевич","М","нет",9,9,9,null,9,100,"Участник","нет","Валиева Елена Анатольевна"]
[24,"Тахаува","Диляра","Ильдаровна","Ж","нет",9,9,9,null,9,100,"Участник","нет","Тагирова Алия Тагировна"]
[25,"Якупова","Айзиля","Ямилевна","Ж","нет",9,9,9,null,9,100,"Участник","нет","Хазипова Наталья Никоноровна"]
[26,"Нуреева","Ангелина","Артуровна","Ж","нет",9,9,8,null,8,100,"Участник","нет","Шарифуллина Алсу Ильнуровна"]
[27,"Шапошникова","Карина","Васильевна","Ж","нет",9,9,7,null,7,100,"Участник","нет","Ильина Ксения Александровна"]
[28,"Плеханов","Олег","Владимирович","М","нет",9,9,6,null,6,100,"Участник","нет","Галиева Галина Федоровна"]
[29,"Мухаметшин","Шамиль","Фаритович","М","нет",9,9,4,null,4,100,"Участник","нет","Имамиева Фания Ильсуровна"]
[30,"Рахматуллина","Эльмира","Расимовна","Ж","нет",9,9,3,null,3,100,"Участник","нет","Донскова Оксана Генадьевна"]

{"sheet":"10 класс","index":3,"n_rows":34,"n_cols":15,"rows_kept":34,"merged":[[0,0,0,14]]}
["Протокол по итогам муниципального этапа ВсОШ по предмету \"ИСТОРИЯ\" Нижнекамского муниципального района в 2021-2022 учебном году"]
["№","Фамилия","Имя","Отчество","Пол","Участник с ОВЗ (да/нет)","Класс обучения","Класс участия","Балл","Добавлено баллов по итогам апелляций","Итоговый балл","Максимальный балл","Статус","Призёр республиканского этапа прошлого года","ФИО учителя"]
[1,"Нигметзянов","Адель","Ильдарович","М","нет",10,10,81,null,81,100,"Победитель","нет","Ильина Ксения Александровна"]
[2,"Харитонов","Артем","Алексеевич","М","нет",10,10,80,null,80,100,"Призер","да","Ахметзянова Ольга Евгеньевна"]
[3,"Федотов","Александр","Сергеевич","М","нет",10,10,54,null,54,100,"Призер","нет","Бакшаев Сергей Адольфович"]
[4,"Яркеев","Илья","Сергеевич","М","нет",10,10,52,null,52,100,"Участник","нет","Ибрагимова Эльмира Шафиковна"]
[5,"Мугинов","Камиль","Наилевич","М","нет",10,10,48,null,48,100,"Участник","нет","Ахметзянова Ольга Евгеньевна"]
[6,"Тузеева","Анастасия","Юрьевна","Ж","нет",10,10,40,null,40,100,"Участник","нет","Степанов Бронислав Анатольевич"]
[7,"Архиреева","Аделина","Руслановна","Ж","нет",10,10,31,null,31,100,"Участник","нет","Ильина Ксения Александровна"]
[8,"Калимуллин","Айнур","Ильдарович","М","нет",10,10,31,null,31,100,"Участник","нет","Ильина Ксения Александровна"]
[9,"Кашапова","Аделина","Ильдаровна","Ж","нет",10,10,29,null,29,100,"Участник","нет","Пустоплеснова Ольга Олеговна"]
[10,"Репюк","Владислава","Глебовна","Ж","нет",10,10,27,null,27,100,"Участник","нет","Фунтикова Энза Николаевна"]
[11,"Аминова","Анжелика","Рамилевна","Ж","нет",10,10,24,null,24,100,"Участник","нет","Пустоплеснова Ольга Олеговна"]
[12,"Коловский","Ярослав","Андреевич","М","нет",10,10,24,null,24,100,"Участник","нет","Малова Ольга Николаевна"]
[13,"Просвиркина","Яна","Александровна","Ж","нет",10,10,24,null,24,100,"Участник","нет","Фунтикова Энза Николаевна"]
[14,"Старостина","Полина","Максимовна","Ж","да",10,10,24,null,24,100,"Участник","нет","Савельева Ольга Ивановна"]
[15,"Камшилов","Роберт","Сергеевич","М","нет",10,10,23,null,23,100,"Участник","нет","Ахмерова Динара Рафиковна"]
[16,"Исмагилов","Гадель","Алмасович","М","нет",10,10,22,null,22,100,"Участник","нет","Митрофанова Ю.А."]
[17,"Фомин ","Вячеслав","Юрьевич","М","нет",10,10,22,null,22,100,"Участник","нет","Маслова Ирина Евгеньевна"]
[18,"Лодягина","Елизавета","Максимовна","Ж","нет",10,10,20,null,20,100,"Участник","нет","Митрофанова Ю.А."]
[19,"Мадюкова","Полина","Эдуардовна","Ж","нет",10,10,20,null,20,100,"Участник","нет","Степанов Бронислав Анатольевич"]
[20,"Ташкина","Маргарита","Олеговна","Ж","нет",10,10,19,null,19,100,"Участник","нет","Ташкина"]
[21,"Абзалова","Азалия","Маратовна","Ж","нет",10,10,18,null,18,100,"Участник","нет","Митрофанова Ю.А."]
[22,"Минуллина","Камилла","Альбертовна","Ж","нет",10,10,18,null,18,100,"Участник","нет","Муратова Лариса Миншаеховна"]
[23,"Стежко","Егор","Валерьевич","М","нет",10,10,16,null,16,100,"Участник","нет","Пустоплеснова Ольга Олеговна"]
[24,"Тугашова","Надежда","Андреевна","Ж","нет",10,10,12,null,12,100,"Участник","нет","Жумагалеева Вероника Жундыгалеевна"]
[25,"Кузнецова","Анастасия","Павловна","Ж","нет",10,10,11,null,11,100,"Участник","нет","Бобкова Светлана Васильевна"]
[26,"Тазетдинов","Амир","Ильнурович","М","нет",10,10,10,null,10,100,"Участник","нет","Мельников А.А."]
[27,"Дубских","Александр","Дмитриевич","М","нет",10,10,9,null,9,100,"Участник","нет","Лаврентьева Ольга Владимировна"]
[28,"Хуснутдинов","Булат","Ильдарович","М","нет",10,10,7,null,7,100,"Участник","нет","Пустоплеснова Ольга Олеговна"]
[29,"Сатдаров","Карим","Ришатович","М","нет",10,10,6,null,6,100,"Участник","нет","Муратова Лариса Миншаеховна"]
[30,"Чумаков","Андрей","Николаевич","М","нет",10,10,5,null,5,100,"Участник","нет","Малова Ольга Николаевна"]
[31,"Захарова","Дарья","Александровна","Ж","нет",10,10,4,null,4,100,"Участник","нет","Обуховская Ирина Николаевна"]
[32,"Крылов","Андрей","Дмитриевич","М","нет",10,10,3,null,3,100,"Участник","нет","Ахмерова Динара Рафиковна"]

{"sheet":"11 класс","index":4,"n_rows":36,"n_cols":15,"rows_kept":36,"merged":[[0,0,0,14]]}
["Протокол по итогам муниципального этапа ВсОШ по предмету \"ИСТОРИЯ\" Нижнекамского муниципального района в 2021-2022 учебном году"]
["№","Фамилия","Имя","Отчество","Пол","Участник с ОВЗ (да/нет)","Класс обучения","Класс участия","Балл","Добавлено баллов по итогам апелляций","Итоговый балл","Максимальный балл","Статус","Призёр республиканского этапа прошлого года","ФИО учителя"]
[1,"Гарипова","Эльвина","Иьназовна","Ж","нет",11,11,79,null,79,100,"Победитель","нет","Шакирова Эндже Каримовна"]
[2,"Козлова","Карина","Владимировна","Ж","нет",11,11,71,null,71,100,"Призер","нет","Егорова Елена Михайловна"]
[3,"Гатин","Айдар","Ришатович","М","нет",11,11,67,1,68,100,"Призер","да","Кириллова Юлия Анатольевна"]
[4,"Хуснуллин","Ильнар","Рашидович","М","нет",11,11,65,null,65,100,"Призер","да","Ильясов Айнур Ильясович"]
[5,"Галлямов","Амир","Рамзинович","М","нет",11,11,59,4,63,100,"Участник","нет","Ильясов Айнур Ильясович"]
[6,"Прокопьева","Елена","Сергеевна","Ж","нет",11,11,59,null,59,100,"Участник","нет","Петрова Е. Е."]
[7,"Шумилова","Вера","Андреевна","Ж","нет",11,11,56,null,56,100,"Участник","нет","Бурмистрова Екатерина Александровна"]
[8,"Конюхов","Семен","Львович","М","нет",11,11,48,null,48,100,"Участник","нет","Бурмистрова Екатерина Александровна"]
[9,"Зиганшин","Тимур","Алмазович","М","нет",11,11,46,null,46,100,"Участник","нет","Галимова Лилия Абраровна"]
[10,"Гаврилова","Кристина","Олеговна","Ж","нет",11,11,45,null,45,100,"Участник","нет","Никитина Людмила Александровна"]
[11,"Бычкова","Дарья","Дмитриевна","Ж","нет",11,11,44,null,44,100,"Участник","нет","Бакшаев Сергей Адольфович"]
[12,"Захаров","Евгений","Павлович","Ж","нет",11,11,41,null,41,100,"Участник","нет","Гиждеван Е.А."]
[13,"Спиридонова","Диана","Станиславовна","Ж","нет",11,11,39,null,39,100,"Участник","нет","Мельников А.А."]
[14,"Кайнов","Данила","Дмитриевич","М","нет",11,11,38,null,38,100,"Участник","нет","Кириллова Юлия Анатольевна"]
[15,"Гайнутдинов","Артур","Маратович","М","нет",11,11,36,null,36,100,"Участник","нет","Зарипова Диляра Равилевна"]
[16,"Закирова","Алина","Айратовна","Ж","нет",11,11,34,null,34,100,"Участник","нет","Галиева Галина Федоровна"]
[17,"Файзулин","Вячеслав","Сергеевич","М","нет",11,11,33,null,33,100,"Участник","нет","Халиуллина Альзира Александровна"]
[18,"Валиева","Альвина","Рафаэлевна","Ж","нет",11,11,31,null,31,100,"Участник","нет","Ельцова Ирина Викторовна"]
[19,"Шаммасова","Рада","Радиковна","Ж","нет",11,11,31,null,31,100,"Участник","нет","Сорокина Екатерина Анатольевна"]
[20,"Зорин","Артур","Вячеславович","М","нет",11,11,29,null,29,100,"Участник","нет","Скрипко Елена Владимировна"]
[21,"Садыков","Адель","Маратович","М","нет",11,11,29,null,29,100,"Участник","нет","Ахметова Римма Габдулловна"]
[22,"Паньшина","Виктория","Александровна","Ж","нет",11,11,26,null,26,100,"Участник","нет","Гурьянова Светлана Анатольевна"]
[23,"Парфенов","Данил","Александрович","М","нет",11,11,26,null,26,100,"Участник","нет","Ляхова Галина Анатольевна"]
[24,"Тукеев","Кирилл","Евгеньевич","М","нет",11,11,26,null,26,100,"Участник","нет","Ахметова Римма Габдулловна"]
[25,"Халимов","Динар","Маратович","М","нет",11,11,25,null,25,100,"Участник","нет","Бирюкова Заира Маджлумовна"]
[26,"Большакова","Анастасия","Кирилловна","Ж","нет",11,11,23,null,23,100,"Участник","нет","Мингазова Елена Викторовна"]
[27,"Давлетшина","Венера","Альбертовна","Ж","нет",11,11,23,null,23,100,"Участник","нет","Бобкова Светлана Васильевна"]
[28,"Моисеев","Рахман","Газизович","М","нет",11,11,23,null,23,100,"Участник","нет","Мельников А.А."]
[29,"Яшкин","Денис","Сергеевич","М","нет",11,11,23,null,23,100,"Участник","нет","Валиева Елена Анатольевна"]
[30,"Федорова","Ангелина","Витальевна","Ж","нет",11,11,20,null,20,100,"Участник","нет","Сидорова Ольга Николаевна"]
[31,"Трышкина","Аделина","Владимировна","Ж","нет",11,11,18,null,18,100,"Участник","нет","Бобкова Светлана Васильевна"]
[32,"Ерашов","Олег","Александрович","М","нет",11,11,16,null,16,100,"Участник","нет","Лаврентьева Ольга Владимировна"]
[33,"Петрова","Екатерина","Ивановна","Ж","нет",11,11,12,null,12,100,"Участник","нет","Бабакаева Вероника Владимировна"]
[34,"Дударев","Валерий","Иванович","М","нет",11,11,4,null,4,100,"Участник","нет","Алимов Виталий Шамилевич"]